Olympijské hry ako determinant cestovného ruchu bakalárska práca

Salvato in:
Dettagli Bibliografici
Autore principale: Paldanová, Viktória
Ente Autore: Obchodná fakulta EU. Katedra služieb a cestovného ruchu - zrušené
Altri autori: Zemanová, Lenka, 1995-
Natura: Libro
Lingua:slovacco
Pubblicazione: Bratislava 2023
Tags: Aggiungi Tag
Nessun Tag, puoi essere il primo ad aggiungerne!!

MARC

LEADER 00000nbm a2200000 4500
001 0294721
005 20240118092221.1
041 0 |a slo 
044 |a SK 
245 1 0 |a Olympijské hry ako determinant cestovného ruchu  |b bakalárska práca  |c Viktória Paldanová ; školiteľ: Lenka Zemanová 
264 1 |a Bratislava  |c 2023 
300 |a 59 s. 
100 1 |a Paldanová, Viktória 
700 1 |a Zemanová, Lenka, 1995- 
710 2 |a Obchodná fakulta EU. Katedra služieb a cestovného ruchu - zrušené